B.Com First year SemII Foreign Trades/ (Record no. 172985)
[ view plain ]
| 000 -LEADER | |
|---|---|
| fixed length control field | 00747nam a22002417a 4500 |
| 005 - DATE AND TIME OF LATEST TRANSACTION | |
| control field | 20200302123152.0 |
| 010 ## - LCCN (DPL NO) | |
| LC control number | ENG-127850 |
| 020 ## - INTERNATIONAL STANDARD BOOK NUMBER | |
| Terms of availability | 130.00 |
| International Standard Book Number | 9788181803948 |
| 035 ## - SYSTEM CONTROL NUMBER | |
| System control number | EN-111382 |
| 037 ## - SOURCE OF ACQUISITION | |
| Source of stock number/acquisition | DBAD/PUB |
| 082 ## - DEWEY DECIMAL CLASSIFICATION NUMBER | |
| Classification number | 382 |
| 100 ## - MAIN ENTRY--PERSONAL NAME | |
| Personal name | Rudra Saibaba |
| 245 ## - TITLE STATEMENT | |
| Title | B.Com First year SemII Foreign Trades/ |
| Statement of responsibility, etc | S.Limba Goud...[et al.] ; edited by Rudra Saibaba[and] R. Vasudeva Reddy |
| 260 ## - PUBLICATION, DISTRIBUTION, ETC. (IMPRINT) | |
| Place of publication, distribution, etc | Hyderabad |
| Date of publication, distribution, etc | 2017 |
| Name of publisher, distributor, etc | Telugu Akademi |
| 270 ## - ADDRESS | |
| Address | Telugu Akademi Himayatnagar Hyderabad |
| Postal code | 500029 |
| City | Hyderabad |
| Electronic mail address | info@teluguacademy.net |
| 300 ## - PHYSICAL DESCRIPTION | |
| Extent | 326p. |
| Other physical details | 25cm(pbk) |
| 700 ## - ADDED ENTRY--PERSONAL NAME | |
| Personal name | Goud,S.Limba |
| 700 ## - ADDED ENTRY--PERSONAL NAME | |
| Personal name | Rao,D.Babu |
| 700 ## - ADDED ENTRY--PERSONAL NAME | |
| Personal name | V.Rana Pratap |
| 700 ## - ADDED ENTRY--PERSONAL NAME | |
| Personal name | Rudra Saibaba |
| 700 ## - ADDED ENTRY--PERSONAL NAME | |
| Personal name | Reddy,R.Vasudeva |
| 942 ## - ADDED ENTRY ELEMENTS (KOHA) | |
| Source of classification or shelving scheme | Dewey Decimal Classification |
| Item type | English Books |
| Classification part | RUD |
| Call number prefix | 382 |
| Withdrawn status | Lost status | Not for loan | Collection code | Home library | Current library | Date acquired | Source of acquisition | Cost, normal purchase price | Full call number | Barcode | Copy number | Cost, replacement price | Koha item type |
|---|---|---|---|---|---|---|---|---|---|---|---|---|---|
| Non-fiction | Ashok Vihar | Ashok Vihar | 02/03/2020 | DBAD/PUB | 130.00 | 382 FOR | EN-111382 | 1 | 130.00 | English Books |
